Statistics for Largest Countries as a Percent of Continent

Click here to take the quiz!

General Stats

  • This quiz has been taken 39,641 times
  • The average score is 16 of 19

Answer Stats

% Country % Correct
38.9%, 30.0%Russia
100%
85.4%Australia
99%
40.8%Canada
99%
38.9%United States
99%
47.7%Brazil
98%
21.8%China
98%
8.0%Mexico
93%
7.5%India
93%
15.6%Argentina
92%
7.7%D.R. Congo
80%
7.8%Algeria
79%
5.4%France
78%
6.2%Kazakhstan
77%
5.9%Ukraine
72%
7.2%Peru
70%
6.4%Colombia
70%
6.2%Sudan
67%
5.8%Libya
60%
6.2%Bolivia
54%

Score Distribution

Percentile by Number Answered

Percent of People with Each Score

Your Score History

You have not taken this quiz